000 00491nam a2200145Ia 4500
008 100122s9999 xx 000 0 und d
082 _b17191
_a823
100 _aहसमनीस द का
245 _aकुंकू माझं भाग्याचं
260 _bसंजय प्रकाशन
_c1971
300 _a214
630 _aकुंकू माझं भाग्याचं
730 _aकुंकू माझं भाग्याचं
942 _cBOOK
999 _c406991
_d406988